| 000 | 00910cab a2200277 4500 | ||
|---|---|---|---|
| 001 | ABS60167 | ||
| 008 | 090401t1999 xxu||||| |||| 00| 0 eng d | ||
| 035 | _a(Sirsi) u99745 | ||
| 041 | _aeng | ||
| 100 | _aHucker, D. | ||
| 245 | _aDiversification for social landlords | ||
| 260 | _c1999 | ||
| 350 | _a0 | ||
| 490 |
_aHousing and Planning Review _v54(1) February/March 1999, 14-15(2) |
||
| 520 | _aDue to a reduction in the number of homes being built, housing associations are thinking of ways they can diversify. New projects include accommodation for students, nursing homes and market rental. | ||
| 650 | _aAPPROVED DEVELOPMENT PROGRAMME | ||
| 650 | _aDIVERSIFICATION | ||
| 650 | _aHOUSING ASSOCIATIONS | ||
| 650 | _aHOUSING CORPORATION | ||
| 650 | _aNEW HOMES | ||
| 650 | _aNURSING HOMES | ||
| 650 | _aSTUDENT ACCOMMODATION | ||
| 690 | _aHOUSING | ||
| 942 | _n0 | ||
| 948 | _c05/03/1999 | ||
| 999 |
_c59981 _d59981 |
||